000 01257nam a2200229Ia 4500
999 _c55490
_d55490
001 22572
003 GE_BSU
005 20220920165655.0
008 181216s2008||||ge |||||||||||||| ||geo||
040 _cGE_BSU
041 _ageo
080 _a81 ა-98
100 _aახვლედიანი, ნელი
_910618
245 _aრეკლამა, როგორც ენობრივ-კულტურული ფენომენი და მისი კვლევის გენდერული ასპექტები : დისერტაცია /
_cნელი ახვლედიანი; სამეცნ. ხელმძღვანელი ნ. ბოლქვაძე;
264 _aბათუმი,
_c2008.
300 _a138 გვ. ;
_b30 სმ.
653 _aრეკლამა, როგორც ენობრივ-კულტურული ფენომენი და მისი კვლევის გენდერული ასპექტები
653 _aფილოლოგია
653 _aდისერტაცია
700 _aბოლქვაძე, ნ.
_eსამეცნ. ხელმძღვანელი
_910619
942 _cBK
_2udc